Terence Conran's home furnishings
| Other Authors: | |
|---|---|
| Format: | Book |
| Published: |
Boston :
Little Brown and Co. ,
1986
|
| Subjects: |
MARC
| LEADER | 00000cam a2200000 7i4500 | ||
|---|---|---|---|
| 001 | 0000008448 | ||
| 002 | 000009207 | ||
| 005 | 20000330.0 | ||
| 020 | |a 0316153257 | ||
| 090 | 0 | 0 | |a 747.5 |b TER |
| 245 | 0 | 0 | |a Terence Conran's home furnishings |c cunsulting editor Judy Brittain |
| 260 | |a Boston : |b Little Brown and Co. , |c 1986 | ||
| 300 | |a 223p. : |b ill. ; |c 25cm. | ||
| 650 | 0 | 0 | |a House furnishings |
| 650 | 0 | 0 | |a Interior decoration |
| 700 | 1 | |a Brittain, Judy | |
| 999 | |a 022683 |b BUKU |c PINJAMAN |e PERPUSTAKAAN KOMUNITI PETALING JAYA | ||